000 00540nam a22002057a 4500
003 OSt
005 20231024102356.0
008 180409b xxu||||| |||| 00| 0 eng d
020 _a1292430648
040 _cKABU
050 _aHB 171.5
_b.H83 2022
100 _aHubbard, R. Glenn
245 _aEconomics:
_cR. Glenn Hubbard and Anthony Patric O'Brien
250 _a8th ed.
260 _aNew York:
_bPearson;
_c2022.
300 _a1144p.
650 _aEconomics
_vTextbook
700 _aO'Brien, Patrick anthony
942 _2lcc
_cBK
999 _c20347
_d20346